书目信息

书名: 牛羊不育及繁殖障碍病 
作者: 常卫华 主编
出版信息: 北京   中国农业科学技术出版社  2020.6
开本页数: 24cm  210页
丛书名:
单 册:
中图分类: S858.2
科图分类:
主题词: 牛病--niu bing--繁殖障碍--防治 , 羊病--yang bing--繁殖障碍--防治
电子资源:
ISBN: 978-7-5116-4714-6
000 01380nam0 2200265 450
001 012021000307
005 20200916172109.9
010    @a978-7-5116-4714-6@dCNY46.00
100    @a20200915d2020 em y0chiy50 ea
101 @achi
102    @aCN@b110000
105    @ak a 000yy
106    @ar
200 @a牛羊不育及繁殖障碍病@Aniu yang bu yu ji fan zhi zhang ai bing@f常卫华主编
210    @a北京@c中国农业科学技术出版社@d2020.6
215    @a210页@d24cm
300    @a环塔里木优质绵羊种质资源高效利用向南创新团队 (项目编号: 2019CB010) 种用公羊高效利用技术研究与推广 (项目编号: HS201906) 和南疆肉羊高效健康关键技术推广与示范资助完成
320    @a有书目
330    @a本书主要介绍牛羊的不育及其繁殖障碍。共分九章, 内容包括繁殖功能的发生发展、牛羊发情及发情周期、不育、先天性不育、饲养管理及利用性不育、疾病性不育、免疫性不育、公畜不育以及牛羊防治不育的综合措施等内容。本书内容丰富, 通俗易懂, 针对性和实用性强, 是广大养殖公司、企业及散养户防治牛羊不育的重要参考书目。古往今来牛羊业就是举足轻重的, 并且在整个畜牧业中占有十分重要的地位。随着大规模、集约化养殖业的发展, 管理、饲草料、人工等费用的提高, 经济效益面临着严峻的挑战。
606 @a牛病@Aniu bing@x繁殖障碍@x防治
606 @a羊病@Ayang bing@x繁殖障碍@x防治
690    @aS858.2@v5
701  0 @a常卫华@Achang wei hua@4主编
801  0 @aCN@bCDNYKJZYXY@c20200915
905    @aCDNYKJZYXY@b300628316-8@dS858.2@e81@f3
    
    牛羊不育及繁殖障碍病/常卫华主编.-北京:中国农业科学技术出版社,2020.6
    210页;24cm
    环塔里木优质绵羊种质资源高效利用向南创新团队 (项目编号: 2019CB010) 种用公羊高效利用技术研究与推广 (项目编号: HS201906) 和南疆肉羊高效健康关键技术推广与示范资助完成
    
    ISBN 978-7-5116-4714-6:CNY46.00
    本书主要介绍牛羊的不育及其繁殖障碍。共分九章, 内容包括繁殖功能的发生发展、牛羊发情及发情周期、不育、先天性不育、饲养管理及利用性不育、疾病性不育、免疫性不育、公畜不育以及牛羊防治不育的综合措施等内容。本书内容丰富, 通俗易懂, 针对性和实用性强, 是广大养殖公司、企业及散养户防治牛羊不育的重要参考书目。古往今来牛羊业就是举足轻重的, 并且在整个畜牧业中占有十分重要的地位。随着大规模、集约化养殖业的发展, 管理、饲草料、人工等费用的提高, 经济效益面临着严峻的挑战。
相关链接 在五车中查询图书 在当当中查询图书 在豆瓣中查询图书


正题名:牛羊不育及繁殖障碍病     索取号:S858.2/81         预约/预借

序号 登录号 条形码 馆藏地/架位号 状态 备注
1 628316   300628316   柳城-4楼/30架5列4层/ [索取号:S858.2/81] 在馆    
2 628317   300628317   柳城-4楼/30架5列4层/ [索取号:S858.2/81] 在馆    
3 628318   300628318   柳城-4楼/30架5列4层/ [索取号:S858.2/81] 在馆